[Event "EU-ch 15th"]
[Site "Yerevan"]
[Date "2014.03.14"]
[Round "11"]
[White "Moiseenko, Alexander"]
[Black "Postny, Evgeny"]
[Result "1/2-1/2"]
[WhiteElo "2712"]
[BlackElo "2635"]
[Annotator "Postny,E"]
[PlyCount "101"]
[EventDate "2014.03.03"]
[EventType "swiss"]
[EventRounds "11"]
[EventCountry "ARM"]
[SourceTitle "CBM 160"]
[Source "ChessBase"]
[SourceDate "2014.05.15"]
[SourceVersion "1"]
[SourceVersionDate "2014.05.15"]
[SourceQuality "1"]

{This is the game from the last round of the European championship. Both of us
needed only a win in order to qualify for the World Cup. In such case it's
always a question which strategy a player should adopt, especially when he has
the black pieces. Alexander Moiseenko is a very strong grandmaster with an
ambitious playing style. I was hoping that he might take risks and that this
would offer me counterchances as well. The game, however, followed a different
course. It seems that Alexander was also very tired after an exhausting event
and tried to achieve a position where he could press for a win without any
serious risk.} 1. d4 d5 2. c4 c6 3. Nc3 Nf6 4. e3 g6 5. Nf3 Bg7 6. Bd3 O-O 7.
O-O a6 8. Qc2 {Following the slightly unusual order of moves, we reached the
line where both of us have experience.} Bg4 9. Ne5 Be6 10. c5 (10. b3 c5 $1 11.
cxd5 Nxd5 12. Nxd5 Bxd5 13. Qxc5 Bxe5 14. dxe5 Bxg2 15. Rd1 Qd5 16. Qxd5 Bxd5
17. f4 Bf3 18. Rd2 Nc6 19. Kf2 Bg4 20. Ba3 Rfd8 $11 {1/2-1/2 (42) Mamedyarov,S
(2766)-Kamsky,G (2741) Zug 2013}) 10... Nbd7 11. Nxd7 Qxd7 12. Bd2 (12. b4 Bf5
13. Bxf5 gxf5 (13... Qxf5 14. Qxf5 gxf5 {would lead to a similar position to
that in the current game.}) 14. a4 Kh8 15. f3 Rg8 16. Rb1 Bh6 17. Rf2 Rg6 18.
b5 axb5 19. axb5 Rag8 20. Ne2 Nh5 21. Qd3 $14 {1/2-1/2 (50) Mamedyarov,S (2646)
-Postny,E (2556) Warsaw 2005}) 12... Bf5 13. Bxf5 Qxf5 {I've played the other
recapture before, keeping the queens on the board.} (13... gxf5 14. Ne2 Kh8 15.
Nf4 Rg8 16. f3 Bh6 17. Nd3 Rg7 18. Rae1 Rag8 19. Re2 Qe6 20. Rff2 f4 21. Ne5
fxe3 22. Bxe3 Bxe3 23. Rxe3 $14 {1-0 (62) Laznicka,V (2634)-Postny,E (2651)
Kolkata 2009}) 14. Qxf5 gxf5 {At first glance Black's position is absolutely
fine, as he has the seemingly superior bishop, and most of his pawns are on
the "right" light squares. In fact, White's space advantage on the queenside
is a more important factor. Also, Black's standard play in such structures is
often connected with the e7-e5 advance. Here, however, such a push might
emphasise the drawback on the kingside, where the Pf5 is vulnerable. So, Black
has to work out his way to equality.} 15. Ne2 {Alexander already has
experience in squeezing a victory out of this endgame. I had also played this
position once as White.} (15. f3 Nd7 16. Ne2 e6 (16... Rfe8 17. Bc3 e6 18. Kf2
Kf8 19. b4 b6 20. a4 Rec8 21. Rfb1 Rab8 22. Nf4 Ke7 23. Nd3 $14 {1-0 (44)
Moiseenko,A (2631)-Dolmatov,S (2573) Tripoli 2004}) 17. Rac1 Rfc8 18. Rc2 Kf8
19. Nf4 Ke7 20. Nd3 Nf8 21. Be1 Ng6 22. Bg3 $14 {1/2-1/2 (65) Postny,E (2592)
-Himanshu,S (2400) New Delhi 2011}) 15... a5 $1 $146 {From my knowledge in
such positions I figured out that Black shouldn't be passive here. The move in
the text is directed to preventing an easy rolling forward of White's a- and
b-pawns.} (15... Nd7 16. Ba5 Rfc8 17. Rac1 Rab8 18. Rc2 e6 19. f3 Bf6 20. Nf4
$6 {White shouldn't allow the exchange of his knight.} (20. Kf2 $14 {and only
then to transfer the knight to d3.}) 20... Bg5 21. Kf2 Kf8 22. h3 Bxf4 23. exf4
h5 24. Re1 Ke7 25. Re3 b6 26. cxb6 Nxb6 27. b3 Nd7 28. Bd2 c5 29. Rec3 c4 $11 {
1/2-1/2 (91) Hera,I (2568)-Kasparov,S (2490) Ranshofen 2012}) 16. f3 Nd7 17.
Rac1 a4 {The pawn is safe here. Even if White brings his rook to a3 and knight
to c3, Black will be able to defend it with rooks on a6 and a8.} 18. Bb4 ({
I would make some useful move as} 18. Rc2 {protecting the Pb2, just in case
and then continue manoeuvring.}) 18... Rfe8 19. Kf2 e6 (19... e5 {is always an
option to consider, but if Black achieves nothing concrete, then he just
created himself a permanent weakness on f5. Still, after} 20. Rfd1 Bh6 21. Rc3
Kg7 {followed by 22...Kg6 the position might be playable for Black.}) 20. h3
Bf8 {This was the idea behind 19...e6.} 21. Nf4 $6 (21. g4 fxg4 22. Rg1 b6 23.
Rxg4+ Kh8 24. Rcg1 Be7 25. Bc3 bxc5 26. dxc5+ e5 {[%csl Rc5][%cal Ge8g8] is
fine for Black.}) ({I was more concerned about simple} 21. Bc3 {not allowing
the massive exchanges that appeared in the game.} b6 22. cxb6 Nxb6 23. g4 $14)
21... b6 {Exploiting the fact that the white bishop is not protected, I manage
to swap all the minor pieces on the c5-square.} 22. Nd3 bxc5 23. Bxc5 Bxc5 24.
Nxc5 Nxc5 25. Rxc5 Reb8 $11 26. Rc2 Rb4 27. Kg3 {The endgame is completely
equal, but both players continue to seek some practical chances.} Kg7 28. a3
Rb3 29. Kf4 h5 {The advance g2-g4 is coming anyway, so it's useful for me to
exchange more pawns on the kingside.} 30. Rff2 Ra6 31. g4 hxg4 32. hxg4 fxg4
33. fxg4 $1 f6 $6 {This is the moment where my problems started.} (33... Kf6
34. g5+ Ke7 35. Rh2 Rab6 $11) 34. Rh2 Rab6 35. Rcg2 Kf7 (35... Kg6 36. g5 e5+
37. dxe5 fxe5+ 38. Kxe5 Rxe3+ 39. Kd4 {is the line I was calculating, and
didn't like the resulting position at all. The g-pawn is potentially a
dangerous passer, while my rooks are not well coordinated.}) 36. g5 {Using the
Pf6 as a hook, suddenly White creates an attack against the king. Two rooks,
together with the active king can be a force!} fxg5+ 37. Rxg5 $1 Rxb2 38. Rh7+
Kf8 {Here I had a feeling that my position was lost, but, surprisingly White
has nothing decisive.} 39. Ke5 Rf2 40. Kxe6 $6 {This was a sort of a relief
for me, at least from a practical point of view. After that the path for a
draw is clear for me. I was more worried about 40.Rgg7 or even 40.Kd6.
Objectively, Black holds in all lines, but the whole matter looks pretty
frightening.} (40. Rgg7 Rh2 41. Rf7+ Ke8 42. Re7+ Kd8 43. Rd7+ Kc8 44. Rhe7 c5
$1 45. dxc5 Rh5+ 46. Kf4 (46. Kd4 Rh4+ 47. Kd3 Rb3+ 48. Ke2 Re4 $11) 46... Rf5+
47. Kg4 Rc6 48. Ra7 Kb8 49. Rxa4 Re5 $11) (40. Kd6 Rf3 (40... c5+ $2 41. Kc7 (
41. Kxc5 $4 Rfb2 {[%cal Rb2b5] Suddenly White's king is mated here.}) 41...
Rfb2 42. Rh8+ Kf7 43. dxc5 $16) 41. Rgg7 Rh3 $1 42. Rf7+ Kg8 43. Rhg7+ Kh8 44.
Ra7 Ra6 $1 45. Rh7+ $1 Rxh7 46. Rxa6 Rh3 47. Rxa4 Kg7 $1 (47... Rxe3 $6 48. Ra7
{cutting the king off}) 48. Kxe6 Rxe3+ 49. Kd6 Kf6 50. Kxc6 Ke6 $11 {[%cal
Ge3c3]}) 40... c5+ 41. Kxd5 cxd4 42. Kxd4 Rb3 {Just in time to attack the Pa3
before my Pa4 is attacked. Black can easily avoid the mating threats, so there
is just not enough material to play for a win.} 43. Rh8+ Kf7 44. Rgg8 Rh2 45.
Rf8+ (45. Rxh2 Kxg8 46. Rf2 Rxa3 47. e4 Ra1 {is an easy draw.}) 45... Ke7 46.
Re8+ Kf7 47. Rhf8+ Kg7 48. Rg8+ Kf7 49. Rgf8+ Kg7 50. Rg8+ Kf7 51. Rgf8+ {
Draw agreed, which left both players out of the World Cup. The result 0-0
would have exactly the same effect.} 1/2-1/2

[Event "EU-ch 12th"]
[Site "Aix les Bains"]
[Date "2011.04.01"]
[Round "10"]
[White "Khismatullin, Denis Rimovich"]
[Black "Postny, Evgeny"]
[Result "0-1"]
[WhiteElo "2662"]
[BlackElo "2585"]
[Annotator "Postny,E"]
[PlyCount "150"]
[EventDate "2011.03.22"]
[EventType "swiss"]
[EventRounds "11"]
[EventCountry "FRA"]
[SourceTitle "CBM 142 Extra"]
[Source "ChessBase"]
[SourceDate "2011.06.27"]
[SourceVersion "1"]
[SourceVersionDate "2011.06.27"]
[SourceQuality "1"]

1. c4 c6 2. d4 d5 3. Nc3 Nf6 4. e3 a6 5. Qc2 g6 6. Bd3 Bg7 7. Nf3 Bg4 {This
order of moves is employed by GM Sergey Volkov, one of the best specialists in
the Slav, so I thought it can't be bad. I used to play 7...0-0 before, which
is the main move.} 8. Ne5 Be6 9. Bd2 {I believe that White should count on 9.
c5 closing the centre and then concentrating his play on the queenside. The
move in the text is relatively harmless.} O-O 10. O-O dxc4 11. Bxc4 {A couple
of weeks later I had another game which reached the same position. The
recapture with the knight poses zero problems for Black.} (11. Nxc4 b5 12. Ne5
c5 $1 13. dxc5 Qc7 14. Nf3 Qxc5 $11 {1/2-1/2 Petkov,V (2493)-Postny,E (2585)/
Zagreb CRO 2011/The Week in Chess 858 (30)}) 11... Bxc4 12. Nxc4 Nbd7 ({
The same trick now doesn't work, as White has got the d3-square for the knight:
} 12... b5 13. Ne5 c5 $2 14. dxc5 Qc7 15. Nd3 $16 {[%csl Gc5]}) 13. Ne2 $5 {
An interesting idea, intending to harass my queen from the a5-square.
Objectively, the position is equal. Even if White manages to stop the ...c6-c5
advance, Black can perform the other thrust - ...e7-e5 - as in the game below.}
(13. b4 Rc8 14. Rac1 b5 15. Na5 e5 16. Rfd1 Re8 17. Ne2 Qb6 18. dxe5 Nxe5 $11 {
0-1 Lputian,S (2634)-Ni Hua (2583)/Taiyuan 2004/CBM 102 (59)}) 13... c5 $146 {
Black should hurry up, before he finds himself in passivity.} (13... a5 $6 14.
a4 Qc7 15. e4 e5 16. f4 exd4 17. e5 d3 18. Qxd3 Nc5 19. Qa3 Nfd7 20. Be3 $14 {
1/2-1/2 Drasko,M (2536)-Kobalia,M (2627)/Plovdiv 2008/CBM 124 (32)}) 14. dxc5 (
14. Ba5 Qc8 {This is the human move.} (14... Qb8 $1 {This is the computer move.
} 15. dxc5 Rc8 16. Rac1 (16. b4 $2 b6 $1 17. cxb6 (17. Bxb6 Nxb6 18. cxb6 Ng4
19. g3 Ne5 $19 {[%csl Rc4]}) 17... Ne5 $19 {[%csl Rc4]}) 16... Rxc5 17. Bb4 Rc7
18. Bxe7 Ne5 19. Bxf6 Bxf6 20. Qb3 Nxc4 21. Rxc4 Rxc4 22. Qxc4 Bxb2 $11) 15.
Rac1 (15. dxc5 Qxc5 $11) 15... cxd4 16. Nxd4 b5 17. Nd2 Qxc2 18. Rxc2 {During
the game I was slightly concerned about this position, White keeps certain
pressure thanks to the possession of the c-file.}) 14... Nxc5 15. Ba5 Qd3 16.
Rac1 (16. Qxd3 Nxd3 17. Rfd1 b5 $1 18. Rxd3 bxc4 $11) 16... Qxc2 17. Rxc2 Ne6 {
The best square for the knight where it covers the c7-square against the rook
invasion, as well as restricting the possibilities of Ne2.} 18. Rfc1 Rfc8 19.
g3 Rc6 {This is a sort of a tempi loss, but, I thought that it's useful to
provoke an exchange of one pair of rooks.} ({Perhaps} 19... Kf8 {is more
accurate.}) 20. Nb6 Rxc2 21. Rxc2 Rd8 {Now all my pieces are out.} 22. Nc3 Bf8
{Protecting the Pe7, which was hanging in lines like 22...Nd7 23.Nbd5.} 23. Kg2
Rd6 24. Nca4 Nd5 25. Rd2 $6 {This was a relief. The exchange of rooks puts an
end to White's last hope for an advantage. He should have tried one of the
invasions to c8.} (25. Nc8 Rd7 26. e4 Nf6 27. f3 Rd3 {Black should solve his
problems after all, but, during the game I wasn't entirely sure.}) (25. Rc8
Nxb6 26. Nxb6 (26. Bxb6 f5 27. Rb8 Rd7 $11) 26... Rd8 27. Rxd8 Nxd8 28. Nd7 Nc6
29. Bc3 f5 30. Nc5 Nd8 31. Ba5 e6 $11 32. Nxa6 $4 Nc6 $19 {[%csl Ra5,Ra6]})
25... Nxb6 26. Nxb6 Rxd2 27. Bxd2 Nc5 $11 28. Nc4 f5 29. Na5 Kf7 30. Kf3 $6 (
30. Bc3 {occupying the long diagonal would secure equality.}) 30... Bg7 31. b4
({I would prefer the more modest} 31. b3) 31... Ne4 32. Ke2 Bc3 $1 {Suddenly,
White is experiencing problems.} 33. Be1 $1 (33. Bxc3 $2 Nxc3+ 34. Kd3 Nxa2 35.
Kc4 b6 36. Nc6 Ke6 {and the extra pawn will tell.}) 33... Bxe1 34. Kxe1 Nd6 35.
Ke2 Ke6 36. Kd3 Kd5 {The knight endgame is pleasant for Black, but objectively
is not enough for winning purposes.} 37. Nb3 b6 38. Nc1 $2 {After this slip it
suddenly becomes lost for White.} (38. Nd2 e5 39. f3 (39. f4 {holds as well.})
39... e4+ 40. fxe4+ fxe4+ 41. Kc3 Nf5 42. Nf1 h5 43. h3 b5 44. Kb3 {There is
no zugzwang, Black can't make further progress.}) 38... Ne4 $1 39. f3 Ng5 40.
f4 Ne4 41. Nb3 Nf2+ 42. Ke2 Ng4 {White won't be able to hold all his kingside
pawns, and at the same time to prevent the invasion of Black's king via c4.}
43. Nd2 $1 {The best chance, at least from a practical point of view.} (43. h3
Nf6 44. a3 (44. Nd2 Ne4 $19) 44... Kc4 45. Nd4 Kc3 $19 {[%csl Ra3,Rb4,Gc3]})
43... Nxh2 44. Kd3 e5 45. e4+ fxe4+ 46. Nxe4 exf4 47. gxf4 h5 $6 {Not a
mistake yet, but it was way more accurate to bring the knight back into play.}
(47... Ng4 48. Nc3+ Ke6 49. Na4 (49. Ke4 Nf6+ 50. Kf3 Nd5 $19 {[%csl Rb4,Rc3]})
49... b5 50. Nc5+ Kf5 51. Nxa6 Kxf4 52. Nc7 Kg3 53. Nxb5 h5 {Black will be the
first to promote.}) 48. Nc3+ Kd6 $2 {And this is already a mistake that spoils
a win.} (48... Ke6 49. Ke4 (49. Na4 b5 50. Nc5+ Kf5 51. Ke3 Kg4 52. Nxa6 Kg3 $1
53. Nc5 Nf1+ 54. Ke2 Kg2 55. a4 Ng3+ 56. Kd3 bxa4 57. b5 Nf5 58. b6 Nd6 $19 {
[%csl Gh5]}) 49... Ng4 50. Na4 Nf6+ 51. Kf3 Nd5 $19) 49. b5 $1 {In accordance
with the rule: "the exchange of pawns favours the defending side".} axb5 ({
After} 49... a5 50. Na4 {[%csl Rb6] I didn't see a win as well.}) 50. Nxb5+ Ke6
(50... Kc5 51. Nc7 Ng4 52. Ke4 Kd6 53. Nb5+ Ke6 54. Nd4+ Kf6 55. Kf3 {also not
enough.}) 51. Ke4 Nf1 52. Nd4+ Kf6 53. a4 $1 {Preparing to exchange the last
pair of queenside pawns. I must say that, until some point, Khismatullin
defended excellently in time-trouble.} Ng3+ 54. Kf3 Nf5 55. Nb3 Ke6 56. a5 bxa5
57. Nxa5 Kd5 {The last chance for a win is to exploit the temporarily
misplaced white knight.} 58. Nb7 Nd4+ 59. Kg3 $2 (59. Ke3 $1 {This holds.} h4 (
{The following variation is interesting. White has to make a series of only
moves:} 59... Nf5+ 60. Kf3 Kd4 61. Nd8 (61. Na5 $2 Kd3 62. Nb7 Nd4+ 63. Kg3 Ke3
$19) 61... Kd3 62. Nf7 Nd4+ 63. Kg3 Ke4 64. Nd6+ (64. Ng5+ $2 Ke3 $19) 64...
Kd5 65. Ne8 $1 (65. Nf7 $2 Ke6 66. Ng5+ Kf5 $19) 65... Nf5+ 66. Kf3 {Black
didn't make any progress.}) 60. Nd8 h3 61. Kf2 Ne2 62. Kf3 Nxf4 63. Kg3 Ke5 64.
Nf7+ {Two extra pawns are not enough, it's impossible to make a progress.})
59... Ne6 $2 {At the moment I didn't see a winning idea, and tried to gain
some time on the clock.} 60. Kf3 Nd4+ 61. Kg3 $2 {Again 61.Ke3! could make a
draw.} Ke6 $1 {This time I didn't miss the chance.} 62. Nc5+ Kf5 63. Nd3 Ne6
64. Kf3 h4 {That's it! Now he has to either lose the Pf4, or to allow the king
to penetrate to g4, both fatal for White. It's also curious that this is the
position of a mutual zugzwang. If Black had the move, there would be no win.}
65. Nf2 (65. Ke3 Kg4 66. Ne5+ Kg3 67. Nxg6 h3 $19) 65... Nxf4 {The rest was
easy.} 66. Ng4 Nd5 67. Nh6+ Kg5 68. Nf7+ Kf6 69. Nd6 g5 70. Kg4 Kg6 71. Kf3 Kh5
72. Ke4 Kg4 73. Kxd5 h3 74. Ne4 h2 75. Kd4 Kf4 0-1

[Event "FRA-chT Top 16 GpB"]
[Site "France"]
[Date "2007.04.29"]
[Round "5.1"]
[White "Bunzmann, Dimitrij"]
[Black "Postny, Evgeny"]
[Result "0-1"]
[WhiteElo "2525"]
[BlackElo "2622"]
[Annotator "Postny,E"]
[PlyCount "76"]
[EventDate "2007.02.09"]
[EventType "team"]
[EventRounds "11"]
[EventCountry "FRA"]
[SourceTitle "CBM 119"]
[Source "ChessBase"]
[SourceDate "2007.08.01"]
[SourceVersion "1"]
[SourceVersionDate "2007.08.01"]
[SourceQuality "1"]
[WhiteTeam "Drancy"]
[BlackTeam "Metz Fischer"]
[WhiteTeamCountry "FRA"]
[BlackTeamCountry "FRA"]

1. d4 d5 2. c4 c6 3. Nc3 Nf6 4. cxd5 {Obviously, this is not the most
principled way to fight for an opening advantage.} cxd5 5. Bf4 Nc6 6. e3 a6 7.
Bd3 (7. Nf3 Bf5 {would lead to classical line of the Exchange Slav where most
of the games end in an uneventful draw.}) 7... Bg4 {The easiest way to
equalize is to get rid of this bishop and to cover the light squares with
pawns.} 8. Nge2 (8. Qb3 {is not dangerous due to} Na5) (8. f3 Bh5 9. Nge2 e6
10. O-O Be7 11. Rc1 O-O 12. Bg3 Rc8 13. Nf4 Bg6 14. Na4 Nd7 15. Bxg6 hxg6 16.
Nd3 Nb4 17. Nxb4 Bxb4 18. a3 Be7 $11 {0-1 Halkias,S (2528)-Sokolov,I (2684)/
Bled 2002/EXT 2003 (59)}) 8... e6 9. O-O Be7 10. Bg3 (10. Rc1 O-O 11. a3 Rc8
12. Na4 b5 (12... Nd7 $5) 13. Nc5 Bxc5 14. Rxc5 Nd7 15. Rc3 e5 16. dxe5 Ndxe5
17. h3 Nxd3 18. Qxd3 Bxe2 19. Qxe2 d4 20. Rc5 dxe3 21. Bxe3 Nd4 22. Qh5 Ne6 23.
Rxc8 Qxc8 24. Rc1 Qd7 25. Qd1 Qxd1+ 26. Rxd1 Rd8 27. Rc1 $14 {1-0 Jussupow,A 
(2655)-Anand,V (2670)/Linares 1992/CBM 028 (70)}) 10... O-O (10... Bh5 {
was possible, but I wasn't concerned about exchanging this bishop for white's
knight.}) 11. f3 Bh5 12. Nf4 Bg6 13. Nxg6 hxg6 {White has achieved the bishop
air, but it does not yield him any advantaga, since the character of the
position is closed.} 14. Qe2 {My opponent spent quite a lot of time at this
stage. After the game I was surprised to find out that Dmitrij Bunzmann
already played this position.} (14. f4 Rc8 15. Be1 b5 16. Qf3 Na5 17. g4 Nc4
18. g5 Nh5 19. Nd1 Nd6 20. Qh3 Nf5 21. Be2 Rc2 22. Bxh5 gxh5 23. Qxh5 g6 24.
Qf3 Kg7 $44 {1-0 Bunzmann,D (2455)-Braeuner,U (2145)/Boeblingen 1998/EXT 2001 
(54)}) 14... Rc8 15. Rac1 Nd7 16. Bf2 $6 {This looks unnatural. Probably my
opponent was trying to carry out the e3-e4 advance, but Black is well prepared
to meet any aggression in the centre.} (16. a3 Nb6 17. Rc2 $11 {followed by 18.
Rfc1.}) 16... Nb6 {I believe that Black has already a comfortable game.} (16...
b5 $2 17. a4 $16) 17. Bb1 Qd7 18. g3 $6 {The plan adopted by Bunzmann is too
slow.} (18. Rfd1 Rc7 19. e4 $6 Rfc8 $15 {The key d5 square is well protected.
It's not clear how White can make any progress here, while black's pressure
along the "c" file will be annoying.}) ({It would have been better to admit
the inaccuracy and put the bishop back on the diagonal h2-b8.} 18. Bg3 $11)
18... Rc7 19. Kg2 Rfc8 20. h4 {White is trying to open both the h-file and the
b1-h7 diagonal for the light-squared bishop.} Na7 {The threat Na7-b5 and
Be7-b4 forces White to stay on the defensive.} 21. Rc2 ({The following does
not work:} 21. Rh1 Nb5 22. h5 gxh5 23. Rxh5 g6 24. Rh2 Nxc3 25. bxc3 Rxc3 26.
Rch1 Bf6 {White has no threats, but is just a pawn down.}) 21... Bb4 22. Be1
Nc4 {[%cal Gc4b2]} (22... Nb5 $6 23. Na4 $1 Rxc2 (23... Nxa4 24. Rxc7 Qxc7 25.
Bxb4 $14) (23... Nxd4 $2 24. Nxb6 Nxe2 25. Nxd7 Rxc2 26. Bxc2 Rxc2 27. Bxb4 $16
) 24. Bxc2 Nxa4 25. Bxa4 $11) 23. Nd1 Bxe1 (23... Qb5 24. Bxb4 Qxb4 ({The
following does not work:} 24... Nxe3+ $2 25. Qxe3 Rxc2+ 26. Bxc2 Rxc2+ 27. Bd2
Qb4 28. Rf2 $18) 25. b3 Na3 26. Rxc7 Rxc7 27. Bd3 $11) 24. Rxe1 {Black's
pieces are definitely better placed than the white ones, but it's temporary.
Therefore, some active measures are required. I thought that the plan of
opening up the centre by e6-e5 was the appropriate one.} Qe7 25. a3 $6 (25. Rh1
$1 e5 (25... Nc6 $1 26. h5 gxh5 27. Rxh5 g6 28. Rh1 e5 29. dxe5 Qxe5 30. f4 Qe6
$15) 26. dxe5 Qxe5 27. h5 $1 gxh5 28. f4 Qe4+ 29. Kg1 g6 30. b3 Nxe3 31. Nxe3
Rxc2 32. Bxc2 Rxc2 33. Qxc2 Qxe3+ 34. Qf2 Qd3 35. Qxa7 Qxg3+ 36. Kf1 Qf3+ 37.
Kg1 $11) 25... e5 26. dxe5 Qxe5 27. Ba2 $2 {It was necessary to come with
e3-e4 push to undermine the c4 outpost.} (27. Qd3 Qe6 $1 (27... Nb5 $6 28. e4
Nd4 29. Rc3 Nf5 30. f4 Qe8 31. Re2 $11) 28. e4 Ne5 29. Qd2 Rxc2 30. Bxc2 d4 31.
Qe2 (31. f4 Qc4 32. Bb1 Qc1 $1 $17) 31... Rd8 32. Nf2 Nc4 {and Black keeps the
initiative.}) 27... Nb5 28. Kh2 Nbd6 29. Nf2 {Simply overlooking the threat,
though White's position is already beyond saving.} (29. e4 dxe4 30. Nf2 Nf5 31.
f4 Qb5 32. Nxe4 Nd4 33. Bxc4 Rxc4 34. Rxc4 Rxc4 35. Nd6 Nxe2 36. Nxb5 Rc2 $19)
(29. Bxc4 Rxc4 30. Rxc4 Rxc4 31. Kg2 Nf5 32. Qf2 Rc1 33. e4 dxe4 34. Rxe4 Qc7
35. Nc3 Nxg3 36. Qxg3 $140 Rg1+ $19) 29... Nf5 {[%csl Re3,Rg3]} 30. f4 Qxe3 (
30... Ncxe3 $2 {I spent some time calculating this queen sac, but it's not
effective:} 31. fxe5 Rxc2 32. g4 $1 {This spoils Black's "masterpiece".} (32.
Qd3 Rxf2+ 33. Kh3 Rf3 34. Rg1 Rc1 $1 $19 {This was the line that attracted me
during the game.}) 32... Rxe2 33. Rxe2 Nf1+ 34. Kg1 Rc1 35. Nd3 Rd1 36. gxf5
Ng3+ 37. Re1 Rxd3 38. fxg6 {would lead to approximate equality.}) 31. Qxe3
Nfxe3 (31... Ncxe3 $2 32. Rxc7 Rxc7 33. g4 Rc2 34. Kg1 {and Black loses a
piece, even though he will collect a bunch of pawns as compensation.}) 32. Rce2
d4 {Black is a pawn up in a better position. The rest is technique.} 33. g4 Nd6
34. Bb3 Rc1 35. Kg3 Rxe1 36. Rxe1 Ndc4 37. Re2 Nd2 38. Bd5 {A blunder in a
lost position.} Ndf1+ 0-1